000 00851nam a2200193Ia 4500
003 GCL
008 140319s9999 xx 000 0 ara d
040 _aGCL /
_cGCL
082 0 4 _a250
_bج ك
100 1 _aابن الجوزى : ابوالفرج جمال الدين عبدالرحمن بن على بن محمد بن على القرشى البغدادى
245 1 0 _aكتاب احكام النساء :
_bفقه المراة المسلمة عبادات معاملات /
_cابن الجوزى : ابوالفرج جمال الدين عبدالرحمن بن على بن محمد بن على القرشى البغدادى
250 _aالاولى
260 _aالقاهرة :
_bمكتبة الدعوة
300 _a216 ص ؛
_c24 سم
490 _a
650 0 4 _aالاسلام
650 0 4 _aالفقه الاسلامى
942 _2ddc
_cBK
999 _c29503
_d29503